Statistics for Latin Quote Decoder #1

Click here to take the quiz!

General Stats

  • This quiz has been taken 51 times
  • The average score is 12 of 28

Answer Stats

ANSWER % Correct
etand
89%
rexking
85%
matermother
80%
paxpeace
76%
terraland
70%
equushorse
70%
veritastruth
67%
argentumsilver
67%
vitalife
65%
solumalone, only (adv.)
59%
bellumwar
57%
egoI (me)
52%
tempustime
52%
urbscity
46%
nihilonothing
46%
sanguisblood
46%
avisbird
41%
omnisall, every
41%
incognitusnot known, unknown
35%
errormistake
33%
respirareto breathe
30%
sapienswise
13%
AUTHOR
11%
ratioreason, method
7%
orbiscircle, sphere
2%
QUOTE
2%
enormisirregular; large, huge
0%
TRANSLATION
0%

Score Distribution

Percentile by Number Answered

Percent of People with Each Score

Your Score History

You have not taken this quiz